Fleuves et rivières du Luxembourg - Statistiques

Statistiques générales
  • Ce quiz a été pris 23 fois
  • Le résultat moyen est 6 sur 19
Statistiques - réponses
Rang Cours d'eau Longueur totale Rivière d'estuaire % Correct
1. Musel 560 km Rhin
100%
5. Uelzecht 73 km Sûre
83%
2. Sauer 206 km Moselle
72%
8. Wolz 42 km Sûre
44%
9. Atert 38 km Alzette
39%
3. Kuer 112 km Meuse
39%
6. Äisch 49 km Alzette
28%
4. Our 78 km Sûre
28%
7. Klierf 48 km Wiltz
22%
13. Mamer 26 km Alzette
17%
19. Péitruss 11 km Alzette
17%
12. Waark 28 km Alzette
17%
15. Blees 20 km Sûre
11%
16. Gander 12 km Moselle
11%
17. Mess 11 km Alzette
11%
14. Schwaarz Iernz 25 km Sûre
11%
10. Sir 32 km Moselle
11%
11. Wäiss Iernz 30 km Sûre
11%
18. Pall 11 km Attert
0%
Aucun quiz correspondant
Distribution des résultats
% des personnes avec chaque résultat
Percentile par nombre de réponses
Votre historique - résultats
Vous n’avez pas pris ce quiz